000 02086nas a2200301 i 4500
003 DO-SdBNP
005 20260430140656.0
007 ta
008 260430e2024 dr fr|p|r||||||0| | spa d
022 _a3060-9577
040 _aDO-SdBNP
_bspa
_cBNPHU
_erda
041 _aspa
110 _aInstituto Nacional de Formación y Capacitación del Magisterio, INAFOCAM
_975033
245 _aHorizonte formativo /
_cInstituto Nacional de Formación y Capacitación del Magisterio, INAFOCAM.
264 _aSanto Domingo, República Dominicana :
_bInstituto Nacional de Formación y Capacitación del Magisterio, INAFOCAM,
_c2024.
300 _avolumen :
_bilustraciones, fotografías ;
_c28 x 21 cm.
336 _atexto
_btxt
_2rdacontent
337 _asin mediación
_bn
_2rdamedia
338 _avolumen
_bnc
_2rdacarrier
362 _aVolumen 1. No 1, (enero-junio 2024).
500 _aCatalogación basada en el: Volumen 1. No 1, (enero-junio 2024).
520 _aEl horizonte formativo del Inafocam se centra en la mejora continua y la innovación en la formación docente. La institución ha lanzado la estrategia INAFOCAM DIGITAL, que busca modernizar la gestión formativa del personal docente mediante la implementación de tecnologías emergentes como la inteligencia artificial. Esta estrategia no solo es una plataforma, sino un ecosistema que articulará la planificación, evaluación y mejora de la formación docente. El Inafocam también ha ampliado el acceso a programas de formación inicial, continua y de postgrado, especialmente en zonas rurales y vulnerables, otorgando becas a docentes, técnicos, directivos y bachilleres de alto rendimiento.
650 0 _aEducación
_vPublicaciones periódicas
_951588
_zRepública Dominicana
650 0 _aFormación profesional de maestros
_vPublicaciones periódicas
_zRepública Dominicana
_979308
650 0 _aPolítica educativa
_xPublicaciones periódicas
_zRepública Dominicana
_917415
650 0 _aCapacitación profesional de maestros
_vPublicaciones periódicas
_zRepública Dominicana
_982159
942 _2ddc
_cISSUE
999 _c60642
_d60642